ՀՀ Գիտությունների ազգային ակադեմիայի հիմնարար գիտական գրադարան  =   Fundamental Scientific Library of NAS RA

О задачах изучения древнерусской литературы и народной поэзии / (Record no. 401190)

MARC details
000 -LEADER
fixed length control field 00844nam a22001937a 4500
003 - CONTROL NUMBER IDENTIFIER
control field AM-YeHGA
005 - DATE AND TIME OF LATEST TRANSACTION
control field 20250617153936.0
008 - FIXED-LENGTH DATA ELEMENTS--GENERAL INFORMATION
fixed length control field 180319s xxu||||| |||| 00| 0 rus d
040 ## - CATALOGING SOURCE
Original cataloging agency AM-YeHGA
041 0# - LANGUAGE CODE
Language code of text/sound track or separate title rus
090 ## - LOCALLY ASSIGNED LC-TYPE CALL NUMBER (OCLC); LOCAL CALL NUMBER (RLIN)
-- 403397
100 1# - MAIN ENTRY--PERSONAL NAME
Personal name Некрасов, Иван Степанович
245 10 - TITLE STATEMENT
Title О задачах изучения древнерусской литературы и народной поэзии /
Statement of responsibility, etc. Сообщ. И.С. Некрасова.
260 ## - PUBLICATION, DISTRIBUTION, ETC.
Place of publication, distribution, etc. [Санкт-Петербург] :
Name of publisher, distributor, etc. О.Л.Д.П. [О-во любителей древней письменности],
Date of publication, distribution, etc. 1892.
300 ## - PHYSICAL DESCRIPTION
Extent 39 с.
440 #0 - SERIES STATEMENT/ADDED ENTRY--TITLE
Title Памятники древней письменности /
Volume/sequential designation 87
653 0# - INDEX TERM--UNCONTROLLED
Uncontrolled term Древнерусская литература - История - Хрестоматии
942 ## - ADDED ENTRY ELEMENTS (KOHA)
Source of classification or shelving scheme Universal Decimal Classification
Koha item type Գրքեր / Books
Holdings
Withdrawn status Lost status Source of classification or shelving scheme Damaged status Not for loan Collection Home library Current library Date acquired Total checkouts Full call number Barcode Date last seen Price effective from Koha item type Public note
    Universal Decimal Classification     General Fundamental Scientific Library Fundamental Scientific Library 19/03/2018   PIII/29300 FL0488770 19/03/2018 19/03/2018 Գրքեր / Books 30 Days Loan
    Universal Decimal Classification     General Fundamental Scientific Library Fundamental Scientific Library 22/05/2018   РД III/4916 FL0493518 22/05/2018 22/05/2018 Գրքեր / Books 30 Days Loan


ՀՀ ԳԱԱ հիմնարար գիտական գրադարան
ՀՀ,Երևան 0019
Մարշալ Բաղրամյան 24/6
հեռախոս:(374-10) 52-47-50
Հետադարձ կապ

All site content, except where otherwise noted, is licensed under a
Creative Commons License